<?xml version="1.0" encoding="UTF-8"?>
<record
    xmlns:xsi="http://www.w3.org/2001/XMLSchema-instance"
    xsi:schemaLocation="http://www.loc.gov/MARC21/slim http://www.loc.gov/standards/marcxml/schema/MARC21slim.xsd"
    xmlns="http://www.loc.gov/MARC21/slim">

  <leader>01444    a2200229   4500</leader>
  <controlfield tag="001">42585</controlfield>
  <controlfield tag="005">20260407155714.0</controlfield>
  <controlfield tag="008">260407a1971    arg                 spa d</controlfield>
  <controlfield tag="003">AR-UNSa-BCEJYS</controlfield>
  <datafield tag="040" ind1=" " ind2=" ">
    <subfield code="a">AR-UNSa-BCEJYS</subfield>
    <subfield code="b">spa</subfield>
    <subfield code="c">AR-UNSa-BCEJYS</subfield>
  </datafield>
  <datafield tag="080" ind1=" " ind2=" ">
    <subfield code="a">339.9</subfield>
    <subfield code="x">Econom&#xED;a internacional en general. Relaciones econ&#xF3;micas internacionales. Econom&#xED;a mundial </subfield>
  </datafield>
  <datafield tag="245" ind1="1" ind2="0">
    <subfield code="a">Manual de econom&#xED;a internacional</subfield>
  </datafield>
  <datafield tag="264" ind1=" " ind2="1">
    <subfield code="a">Buenos Aires :</subfield>
    <subfield code="b">Amorrortu Editores</subfield>
    <subfield code="c">1971</subfield>
  </datafield>
  <datafield tag="300" ind1=" " ind2=" ">
    <subfield code="a">465 p.</subfield>
    <subfield code="c">23 cm.</subfield>
  </datafield>
  <datafield tag="505" ind1=" " ind2=" ">
    <subfield code="a">1. Introducci&#xF3;n - 2. Pr&#xF3;logo - 3. Nota sobre las bibliograf&#xED;as de los cap&#xED;tulos - 4. Parte Primera: Teor&#xED;a pura del comercio internacional : 1. El comercio y los precios relativos de los factores de producci&#xF3;n - 2. Ap&#xE9;ndice al cap&#xED;tulo 1 - 3. El comercio y la oferta relativa de los factores de producci&#xF3;n - 4. Los t&#xE9;rminos del intercambio - 4. Teor&#xED;a de las uniones aduaneras - Parte Segunda : Teor&#xED;a monetaria internacional: 6. El mecanismo de ajuste de los pagos internacionales - 7. Tipos de cambio:&#xBF;Fijos o flexibles? - 8. Las elasticidades y la absorci&#xF3;n en el an&#xE1;lisis de la devaluaci&#xF3;n - 9. El desequilibrio persistente: escasez y saturaci&#xF3;n de d&#xF3;lares - 10. La suficiencia de las reservas internacionales - Bibliogra&#xED;a en castellano </subfield>
  </datafield>
  <datafield tag="041" ind1=" " ind2=" ">
    <subfield code="a">spa</subfield>
  </datafield>
  <datafield tag="942" ind1=" " ind2=" ">
    <subfield code="c">BK</subfield>
  </datafield>
  <datafield tag="590" ind1=" " ind2=" ">
    <subfield code="a">niveau_biblio:m niveau_hierar:0</subfield>
  </datafield>
  <datafield tag="100" ind1="1" ind2=" ">
    <subfield code="a">Pfister, R.L.</subfield>
  </datafield>
  <datafield tag="700" ind1="1" ind2=" ">
    <subfield code="a">Clement, M.O.</subfield>
  </datafield>
  <datafield tag="700" ind1="1" ind2=" ">
    <subfield code="a">Rothwell, K.J.</subfield>
  </datafield>
  <datafield tag="999" ind1=" " ind2=" ">
    <subfield code="c">3629</subfield>
    <subfield code="d">3629</subfield>
  </datafield>
  <datafield tag="952" ind1=" " ind2=" ">
    <subfield code="0">0</subfield>
    <subfield code="1">0</subfield>
    <subfield code="4">0</subfield>
    <subfield code="7">0</subfield>
    <subfield code="a">BCEJYS</subfield>
    <subfield code="b">BCEJYS</subfield>
    <subfield code="c">16</subfield>
    <subfield code="d">2026-04-07</subfield>
    <subfield code="l">0</subfield>
    <subfield code="o">339.9 C625</subfield>
    <subfield code="p">L23617</subfield>
    <subfield code="r">2026-04-07 15:57:14</subfield>
    <subfield code="w">2026-04-07</subfield>
    <subfield code="y">L</subfield>
  </datafield>
</record>
